Make the Buffalo Bills Logo By Naming Players - Statistics

General Stats
  • This quiz has been taken 603 times
  • The average score is 4 of 8
Answers on the Map
Answers color-coded by a green-red scale on the quiz's map according to % correct below.
 
Answer Stats
Position Player % Correct
QB 🏈
100%
RB 🏈
76%
WR1 🏈
57%
WR 🏈
45%
TE 🏈
42%
DL/LB 🏈
32%
CB/S 🏈
29%
OL 🏈
27%
No matching quizzes found
Score Distribution
Percent of People with Each Score
Percentile by Number Answered
Your Score History
You have not taken this quiz